000 00189 a2200097 4500
020 _a9781563344343
041 _aspa
100 _aKratky, Lada Josefa
245 _aSomos Amigos
942 _cBK
999 _c14871
_d14871